International Taxation Handbook: Policy, Practice, Standards, and Regulation (Record no. 6154)

MARC details
005 - DATE AND TIME OF LATEST TRANSACTION
control field 20250628181153.0
020 ## - INTERNATIONAL STANDARD BOOK NUMBER
International Standard Book Number 978-0-7506-8371-5
100 ## - MAIN ENTRY--PERSONAL NAME
Author name READ, C.
245 ## - TITLE STATEMENT
Title International Taxation Handbook: Policy, Practice, Standards, and Regulation
260 ## - PUBLICATION, DISTRIBUTION, ETC.
Place of publication, distribution, etc. London
Name of publisher, distributor, etc. ELSEVIER
Date of publication, distribution, etc. 2007
300 ## - PHYSICAL DESCRIPTION
Extent xx, 370p.: ill; Table
Other physical details Index
Dimensions 24 cm
700 ## - ADDED ENTRY--PERSONAL NAME
Other authors/Editors GREGORIOU, G. N
942 ## - ADDED ENTRY ELEMENTS (KOHA)
Source of classification or shelving scheme Dewey Decimal Classification
Koha item type Books
Holdings
Date last seen Total checkouts Full call number Barcode Price effective from Koha item type Lost status Source of classification or shelving scheme Damaged status Not for loan Withdrawn status Home library Current library Shelving location Date acquired Source of acquisition Cost, normal purchase price
06/28/2025   336.243 REA MBY000943 06/28/2025 Books   Dewey Decimal Classification       CBE MBEYA CBE MBEYA General Collection 08/21/2017 Purchase 165650.00